Arrêts du TER Grasse-Vintimille (RER de Nice) - Statistiques

Statistiques générales
  • Ce quiz a été pris 212 fois
  • Le résultat moyen est 20 sur 28
Statistiques - réponses
Réponse % Correct
Grasse
95%
Ventimiglia/Vintimille
95%
Cannes
94%
Antibes
93%
Menton
93%
Monaco - Monte-Carlo
92%
Nice Ville
91%
Nice-Saint-Augustin
84%
Saint-Laurent-du-Var
82%
Cagnes-sur-Mer
81%
Èze
80%
Nice-Riquier
79%
Villefranche-sur-Mer
79%
Juan-les-Pins
72%
Villeneuve-Loubet-Plage
71%
Beaulieu-sur-Mer
70%
Cap-d'Ail
68%
Biot
66%
Cannes-La Bocca
65%
Cros-de-Cagnes
61%
Golfe-Juan - Vallauris
59%
Mouans-Sartoux
57%
Menton-Garavan
52%
Cap-Martin - Roquebrune
46%
Carnolès
41%
La Frayère
38%
Ranguin
38%
Le Bosquet
34%
Aucun quiz correspondant
Distribution des résultats
% des personnes avec chaque résultat
Percentile par nombre de réponses
Votre historique - résultats
Vous n’avez pas pris ce quiz